[Event "FRA-chT4 0809"]
[Site "France "]
[Date "2009.02.01"]
[Round "?"]
[White "Steffens, David"]
[Black "Martinez, Loic"]
[Result "1/2-1/2"]
[WhiteElo "1850"]
[BlackElo "1715"]
[PlyCount "58"]
[EventDate "2008.10.??"]
[EventType "team-tourn"]
[EventRounds "9"]
[EventCountry "FRA"]
[SourceTitle "EXT 2010"]
[Source "ChessBase"]
[SourceDate "2010.11.25"]
[SourceVersion "1"]
[SourceVersionDate "2010.11.25"]
[SourceQuality "1"]

1. c4 b6 2. Nc3 e6 3. Nf3 Bb7 4. d4 Bb4 5. Qc2 Nf6 6. e3 Ne4 7. Bd3 f5 8. a3 Bxc3+ 9. bxc3 0-0 10. a4 Rf6 11. a5 d6 12. Qb3 Rg6 13. Kf1 Ba6 14. Qc2 Bb7 15. Bb2 a6 16. Qb3 Qg5 17. Bxe4 Qxg2+ 18. Ke2 fxe4 19. Nd2 Qg4+ 20. Ke1 Nd7 21. axb6 cxb6 22. Ba3 Rf8 23. Rf1 e5 24. c5+ Kh8 25. cxd6 Qf5 26. Qc2 Rg1 27. Nc4 Rxf1+ 28. Kxf1 Qh3+ 29. Kg1 Qg4+ 1/2-1/2

[Event "St Chely d'Aubrac op 8th"]
[Site "St Chely d'Aubrac"]
[Date "2008.07.13"]
[Round "1"]
[White "Martinez, Loic"]
[Black "Netzer, Jacques"]
[Result "0-1"]
[WhiteElo "1737"]
[BlackElo "2116"]
[PlyCount "58"]
[EventDate "2008.07.13"]
[EventType "swiss"]
[EventRounds "9"]
[EventCountry "FRA"]
[SourceTitle "CBM 125 Extra"]
[Source "ChessBase"]
[SourceDate "2008.09.01"]
[SourceVersion "1"]
[SourceVersionDate "2008.09.01"]
[SourceQuality "1"]

1. e4 c5 2. Nf3 e6 3. d4 cxd4 4. Nxd4 Nc6 5. c4 Nf6 6. Nc3 Bb4 7. Ndb5 Nxe4 8. Qg4 Nxc3 9. bxc3 Qf6 10. Nc7+ Kf8 11. cxb4 Qxa1 12. Qg5 Rb8 13. Be2 f6 14. Qc5+ Kf7 15. 0-0 Qe5 16. Qxe5 Nxe5 17. Nb5 d5 18. Nd6+ Ke7 19. c5 Nf7 20. Bf4 e5 21. Nxf7 Kxf7 22. Bg3 h5 23. h3 h4 24. Bh2 Bf5 25. Rd1 Rbd8 26. Bb5 d4 27. c6 bxc6 28. Bxc6 d3 29. b5 d2 0-1

[Event "Narbonne op 10th"]
[Site "Narbonne"]
[Date "2008.??.??"]
[Round "4"]
[White "Martinez, Loic"]
[Black "Claret, Franck"]
[Result "1-0"]
[WhiteElo "1750"]
[BlackElo "1990"]
[PlyCount "69"]
[EventDate "2008.05.08"]
[EventType "swiss"]
[EventRounds "7"]
[EventCountry "FRA"]
[SourceTitle "CBM 124 Extra"]
[Source "ChessBase"]
[SourceDate "2008.07.03"]
[SourceVersion "1"]
[SourceVersionDate "2008.07.03"]
[SourceQuality "1"]

1. e4 c5 2. Nf3 d6 3. d4 cxd4 4. Nxd4 Nf6 5. Nc3 g6 6. Be3 Bg7 7. f3 Nc6 8. Qd2 Nxd4 9. Bxd4 Be6 10. Bb5+ Kf8 11. g4 Qa5 12. g5 Nd7 13. Bxg7+ Kxg7 14. Bxd7 Bxd7 15. Qd4+ Qe5 16. Qxe5+ dxe5 17. Nd5 e6 18. Nf6 Bb5 19. a4 Bc6 20. Ng4 Rac8 21. Nxe5 h6 22. gxh6+ Rxh6 23. Nxc6 Rxc6 24. 0-0-0 Rh3 25. Rd3 Ra6 26. Ra3 b5 27. axb5 Rxa3 28. bxa3 Rxf3 29. Kb2 Re3 30. c4 Rxe4 31. c5 Kf8 32. b6 axb6 33. cxb6 Rd4 34. b7 Rd8 35. Rc1 1-0

[Event "St Chely d'Aubrac op 7th"]
[Site "St Chely d'Aubrac"]
[Date "2007.07.17"]
[Round "5"]
[White "Martinez, Loic"]
[Black "Tassetti, Florent"]
[Result "1-0"]
[WhiteElo "1880"]
[BlackElo "1560"]
[PlyCount "43"]
[EventDate "2007.07.07"]
[EventType "swiss"]
[EventRounds "9"]
[EventCountry "FIN"]
[SourceTitle "EXT 2008"]
[Source "ChessBase"]
[SourceDate "2007.11.25"]
[SourceVersion "1"]
[SourceVersionDate "2007.11.25"]
[SourceQuality "1"]

1. e4 e5 2. Nf3 Nc6 3. d4 exd4 4. Bc4 Bc5 5. Ng5 Ne5 6. Nxf7 Nxf7 7. Bxf7+ Kxf7 8. Qh5+ Kf8 9. Qxc5+ d6 10. Qxd4 Nf6 11. Bg5 Kf7 12. 0-0 Rf8 13. Nc3 Be6 14. f4 h6 15. Bxf6 Qxf6 16. Qxf6+ Kxf6 17. Rae1 c6 18. e5+ dxe5 19. Rxe5 Rae8 20. Ne4+ Kg6 21. Nd6 Re7 22. f5+ 1-0

[Event "St Chely d'Aubrac op 7th"]
[Site "St Chely d'Aubrac"]
[Date "2007.07.16"]
[Round "4"]
[White "Jester, Christian"]
[Black "Martinez, Loic"]
[Result "1/2-1/2"]
[WhiteElo "1871"]
[BlackElo "1880"]
[PlyCount "41"]
[EventDate "2007.07.07"]
[EventType "swiss"]
[EventRounds "9"]
[EventCountry "FIN"]
[SourceTitle "EXT 2008"]
[Source "ChessBase"]
[SourceDate "2007.11.25"]
[SourceVersion "1"]
[SourceVersionDate "2007.11.25"]
[SourceQuality "1"]

1. d4 Nf6 2. Nf3 b6 3. g3 Bb7 4. Bg2 d6 5. 0-0 Nbd7 6. c3 e6 7. Nbd2 Be7 8. Qc2 d5 9. e4 Nxe4 10. Nxe4 dxe4 11. Ne5 0-0 12. Nxd7 Qxd7 13. Bxe4 Bxe4 14. Qxe4 Qd5 15. Qf4 Bd6 16. Qg4 Kh8 17. Re1 Rae8 18. Bf4 Qb5 19. Bxd6 cxd6 20. Qe2 Qxe2 21. Rxe2 1/2-1/2